| 000 | 01115nam0a2200265 4500 | ||
|---|---|---|---|
| 001 | RU\NLR\BIBL_A\010452148 | ||
| 005 | 20250614053943.0 | ||
| 035 | _a(NLR Aleph) 010452148 | ||
| 090 |
_a9933637 _c9933637 |
||
| 100 | _a20140818d1985 |||y0rusy50 ca | ||
| 101 | 0 | _asah | |
| 102 | _aRU | ||
| 105 | _ay|||||||||||| | ||
| 200 | 1 |
_aАһаҕас сурук _eхоһооннор _e[орто уонна улахан саастаах оҕолорго] _fСаргылаана Гольдерова |
|
| 210 |
_aЯкутскай _cСаха сиринээҕи кинигэ изд-вота _d1985 |
||
| 215 |
_a29,[3] с. _d16 |
||
| 225 | 1 | _aЧэчир 85 | |
| 309 | _aВ одной обертке с загл сер. с 6 др. кн. | ||
| 541 | 1 |
_aОткрытое письмо _eстихи _eдля детей сред. и ст. шк. возраста _zrus |
|
| 686 | 1 | _aШ9(2)6=Я-5 | |
| 700 | 1 |
_4070 _7ca _8sah _aГольдерова _bC. _f1959- _gСаргылаана _9253797 _3RU\NLR\AUTH\770253853 |
|
| 852 |
_aNLR _bОНЛ _jЯкут./2-2508 |
||
| 942 | _cBOOK | ||
| 980 | _aNB | ||